Statystyki dla Marki samochodów po zdjęciach

Kliknij tutaj aby rozwiązać quiz!

Ogólne statystyki

  • Ten quiz został rozwiązany 455 razy
  • Średni wynik to 19 z 24

Statystyki odpowiedzi

Odpowiedź% Poprawnych
Lamborghini
95%
BMW
93%
Jaguar
93%
Ford
90%
Audi
86%
Mercedes
86%
Fiat
85%
Dacia
83%
Jeep
83%
Skoda
80%
Ferrari
79%
Peugeot
79%
Porsche
79%
Hyundai
76%
Subaru
76%
Smart
75%
Bugatti
73%
Honda
73%
Volkswagen
73%
Seat
71%
Volvo
68%
Nissan
67%
Opel
62%
Mini
56%

Rozkład punktacji

Percentyl według liczby udzielonych odpowiedzi

Procent ludzi z każdym wynikiem

Twoja historia wyników

Nie rozwiązałeś tego quizu